Normal view
MARC view
Entry Personal Name
001 - CONTROL NUMBER
- control field: 25852
003 - CONTROL NUMBER IDENTIFIER
- control field: dpl
005 - DATE AND TIME OF LATEST TRANSACTION
- control field: 20110211114716.0
008 - FIXED-LENGTH DATA ELEMENTS
- fixed length control field: 110211|||a|||||| | ||| d
040 ## - CATALOGING SOURCE
- Original cataloging agency: dpl
- Transcribing agency: dpl
100 ## - HEADING--PERSONAL NAME
- Personal name: Nariman, Fali S.
670 ## - SOURCE DATA FOUND
- Source citation: Work cat.: (dpl)50066: Nariman, Fali S., Before memory fades-- :, c2010.
670 ## - SOURCE DATA FOUND
- Source citation: Work cat.: (dpl)50066: Nariman, Fali S., Before memory fades-- :, c2010.
